Room for change (Record no. 68658)
[ view plain ]
| 000 -LEADER | |
|---|---|
| fixed length control field | 01110cam a2200229 4500 |
| 001 - CONTROL NUMBER | |
| control field | ABS64702 |
| 008 - FIXED-LENGTH DATA ELEMENTS--GENERAL INFORMATION | |
| fixed length control field | 011024n2001 000 0 eng u |
| 035 ## - SYSTEM CONTROL NUMBER | |
| System control number | (Sirsi) u115279 |
| 100 ## - MAIN ENTRY--PERSONAL NAME | |
| Personal name | Sowter, K |
| 245 ## - TITLE STATEMENT | |
| Title | Room for change |
| 260 ## - PUBLICATION, DISTRIBUTION, ETC. | |
| Date of publication, distribution, etc. | 2001 |
| 490 ## - SERIES STATEMENT | |
| Series statement | Solicitors' Journal |
| Volume/sequential designation | 145(38) 12 October 2001, 940(1) |
| 520 ## - SUMMARY, ETC. | |
| Summary, etc. | Considers the effect of restrictive alienation clauses at rent review and illustrates how market conditions determine the nature of alienation provisions. Uses a working example to demonstrate how poor market conditions force landlords to allow flexible alienation provisions such as letting floor by floor and wing by wing, but when the market recovers landlords can insist on stricter alienation provisions. Provides a similar scenario with a building layout not capable of physical division. |
| 590 ## - LOCAL NOTE (RLIN) | |
| Local note | ABS |
| 650 ## - SUBJECT ADDED ENTRY--TOPICAL TERM | |
| Topical term or geographic name entry element | PROPERTY-COMMERCIAL PROPERTY-COMMERCIAL PROPERTY MARKET |
| 650 ## - SUBJECT ADDED ENTRY--TOPICAL TERM | |
| Topical term or geographic name entry element | ALIENATION PROVISIONS |
| 650 ## - SUBJECT ADDED ENTRY--TOPICAL TERM | |
| Topical term or geographic name entry element | RENT REVIEWS |
| 650 ## - SUBJECT ADDED ENTRY--TOPICAL TERM | |
| Topical term or geographic name entry element | FLEXIBILITY |
| 650 ## - SUBJECT ADDED ENTRY--TOPICAL TERM | |
| Topical term or geographic name entry element | COMMERCIAL LEASES |
| 690 ## - LOCAL SUBJECT ADDED ENTRY--TOPICAL TERM (OCLC, RLIN) | |
| Topical term or geographic name as entry element | LANDLORD AND TENANT-RENT REVIEWS |
| 942 ## - ADDED ENTRY ELEMENTS (KOHA) | |
| Suppress in OPAC | 0 |
| Withdrawn status | Lost status | Source of classification or shelving scheme | Damaged status | Not for loan | Home library | Current library | Shelving location | Date acquired | Total Checkouts | Full call number | Barcode | Date last seen | Copy number | Price effective from | Koha item type |
|---|---|---|---|---|---|---|---|---|---|---|---|---|---|---|---|
| Dewey Decimal Classification | London | London | Journal article | 24/10/2001 | ABS64702 | 115279-1001 | 06/08/2019 | 1 | 06/08/2019 | Journal article |